Every Brainrot by Picture - Statistics

General Stats
  • This quiz has been taken 70 times
    16 since last reset
  • The average score is 13 of 222
Answer Stats
Picture Answer % Correct
Tung Tung Tung Sahur
100%
Brr Brr Patapim
67%
Tralalero Tralala
67%
Bombardiro Crocodilo
56%
Lirilì Larilà
56%
Tripi Tropi (Shrimp)
56%
Tripi Tropi Tropa Tripa (OG)
56%
Ballerina Cappucina
44%
Cappuccino Assassino
44%
Boneca Ambalabu
33%
Chimpanzini Bananini
33%
La Vacca Saturno Saturnita
33%
Matteo
33%
Bananita Dolphinita
22%
Blueberrinni Octopussini
22%
Bobrito Banditto
22%
Bombombini Gusini
22%
Brri Brri Bicus Dicus De Dicus De Bicus
22%
Cocofanto Elefanto
22%
Frigo Camelo
22%
Fruli Frula
22%
Garamararamgaramaram and Madudundung
22%
Girafa Celestre
22%
Glorbo Frutto Drillo
22%
Lerulerulerule
22%
Orangutini Ananasini
22%
Orcalero Orcala
22%
Pot Hotspot
22%
Spioniro Golobiro
22%
Ta Ta Ta Sahur
22%
Te Te Te Sahur
22%
Trulimero Trulicina
22%
Alessio
11%
Ballerino Lololo
11%
Capybarello Cocosini
11%
Dragon Cannelloni
11%
Espresso Signora
11%
Il Cacto Hippopotamo
11%
Job Job Job Sahur
11%
Karkerkarkarkurkurkur
11%
La Grande Combination
11%
Lionel Cactuseli
11%
Nuclearo Dinosauro
11%
Pakrahmatmamat
11%
Pipi Kiwi
11%
Pipi Potato
11%
Pussinni Sushinni
11%
Rhino Toasterino
11%
Sigma Boy
11%
Trenostruzzo Turbo 3000
11%
Tric Trac Baraboom
11%
Udin Din Din Dun
11%
Aeroplanino Gattino
0%
Agarrini La Palini
0%
Ananasini Catfishini Tornadini
0%
Anpali Babel
0%
Antonio
0%
Arachinnu Watermellichinnu
0%
Avocadini Antilopini
0%
Avocadini Guffo
0%
Avocadorilla
0%
Baffi Baffi Boom
0%
Bambini Crostini
0%
Bananaconda
0%
Bananito Bandito
0%
Bandito Axolito
0%
Batatoso Peloso
0%
Beduk Duk Duk Beraduk Sapi Uduk
0%
Bobreli Bananelli
0%
Bombardini Tortinii
0%
Bombardiro Cudcudach
0%
Bomboclat Crococlat
0%
Bombordino Jamalino
0%
Bovole Sole
0%
Brasilini Birimbini
0%
Brr Esteh Patipum
0%
Brutto Gialutto
0%
Buconero Gattoiero
0%
Budi Di Di Dun
0%
Buho De Fuego
0%
Bulbito Bandito Tractorito
0%
Bulliccinni Bananini
0%
Burguro and Fryuro
0%
Cacasito Satelito
0%
Camaleontita Matita
0%
Camelo Cruasantino
0%
Capibomba Atomica
0%
Capitano Moby
0%
Carloo
0%
Celularcini Viciosini
0%
Centralucci Nuclearucci
0%
Cha Cha Cha Sahur
0%
Chachechichachachachi
0%
Chameleonator Refriginator
0%
Chef Crabracadabra
0%
Chicleteira Bicicleteira
0%
Chihuanini Taconini
0%
Chillin Chili
0%
Clickerino Crabo
0%
Coccodrillo Formaggioso
0%
Cocosini Mama
0%
Cocosino Rhino
0%
Crabbo Limonetta
0%
Crabelini Lemonini
0%
Crabito Cocosito
0%
Crocodili Ananasini
0%
Dadadadadadada
0%
Diamantusa
0%
Dingo Balo Dingo Bali
0%
Dragonfruti Axuluti
0%
Dug Dug Dug Bedugdug
0%
Eaglucci Watermelucci
0%
Ecco Cavallo Virtuoso
0%
Elcoconuti Alpeninsini
0%
Elefantino Frigorifero
0%
Elefantucci Bananucci
0%
Emeraldini Pigeonini
0%
Forkitto Scorpionitto
0%
Fragola La La La
0%
Fritto Peppino Supremo
0%
Frogilato Limituni
0%
Gambero Spero
0%
Ganganzelli Trulala
0%
Gangster Footera Criminalera
0%
Gangster Gusini
0%
Gargirgargurgur
0%
Gorillo Subwoofero
0%
Gorillo Watermelondrillo
0%
Graipuss Medussi
0%
Guerriro Digitale
0%
Gusini Vacumini
0%
Hipopotamino Supermarketino
0%
Il Bisonte Giuppitere Giuppitercito
0%
Il Mastodontico Telepiedone Planetario
0%
Il Sacro Cabrospaghetti Mistico
0%
Karker Sahur
0%
Ketchuru and Musturu
0%
Ketupat Kepat Prekupat Kepot
0%
Kravilino Cekicino
0%
La Esok Sekolah
0%
Lapin Pan Pun Pen Pin Pon
0%
La Supreme Combination
0%
La Tartaruga Ferrari
0%
La Vacca Blackhole Goat
0%
Lemonucci Ameleonni
0%
Leoparducci Grapefruitucci
0%
Leviathano Bombardano
0%
Makakini Bananini
0%
Malamé Amarelé
0%
Mangolini Parrocini
0%
Money Money Puggy
0%
Noooooo My Hotspot
0%
Octopussi Coconussi
0%
Octopussini Zucchini
0%
Pakasepsepsep
0%
Pandaccini Bananini
0%
Panthera Locomotiva
0%
Pappagallo Pistola
0%
Peachi Foxilini
0%
Peachi Llamanuchi
0%
Pelicini Pananini
0%
Penguino Cocosino
0%
Perochello Lemonchello
0%
Piccione Macchina
0%
Pinguino Mercurio
0%
Pipi Avocado
0%
Pipi Corni
0%
Pipi Orange
0%
Pipi Strawberry
0%
Pipi Watermelon
0%
Pippi Poppa Pippo Peppe
0%
PiriPiri Crocodilini
0%
Pop Pop Sahur
0%
Quesadilla Crocodila
0%
Quivioli Ameleonni
0%
Quivi Tortuginni
0%
Raccooni Watermelooni
0%
Ragnini Funvini
0%
Rang Ring Reng Bus Ireng
0%
Rhino Helicopterino
0%
Saphiri Penguini
0%
Saphiri Ramiri
0%
Shtekerito El Bulbonito
0%
Slimo Li Appluni
0%
Spaghetti Tualetti
0%
Squalanana
0%
Stoppo Luminino
0%
Strawberrelli Flamingelli
0%
Svivino Bombombino
0%
Talpa Di Ferro
0%
Tang Tang Kelentang
0%
Tartaragno
0%
Tartaruga Cisterna
0%
Tentacolo Tecnico
0%
TicTac TicTac Sahur
0%
Tic Tac Tok Afammoc
0%
Tigerlini Watermelini
0%
Tigroligre Frutonni
0%
Tigrulini Granadini
0%
Tigruli Oranguli
0%
Tiki Toki Tipi Topi Taco Tapir
0%
Tirilikalika Tirilikalako
0%
Ti Ti Ti Sahur
0%
Tob Tobi Tob Tob Tobi Tob
0%
Torrtuginni Dragonfrutinni
0%
To To To Sahur
0%
Tracoducotulu Delapeladustuz
0%
Tractoro Dinosauro
0%
Tralaledon
0%
Tralalero Cocosini
0%
Trap Trap Troppi Troppi
0%
Traulua Bancomucfalo
0%
Trenostruzzo Turbo 4000
0%
Trichi Tracatelas
0%
Trulibau Trulibanana
0%
Tukanno Bannano
0%
Twi Twi Twi Twi Mangonelli
0%
Ty Ty Ty Sahur
0%
Urubini Flamenguini
0%
Vulturino Skeletono
0%
Walimero Bombero
0%
Zibra Zubra Zibralini
0%
No matching quizzes found
Score Distribution
Percent of People with Each Score
Percentile by Number Answered
Your Score History
You have not taken this quiz since the last reset